000 01970nam a2200457 c 4500
003 BLK
005 20250128005514.0
008 180411b bul|||||r ||||||| ||bul||
010 _aKNG00184440000
020 _a978-954-28-1433-7
_bиздат.: Сиела Норма - (подв.)
040 _aBLK
041 _aBUL
_cBUL
072 7 _2bullib
_aН32
_xПолитика Н
080 _aПолитически партии и движения
_b329
_x(497.2)
_z329(497.2)
080 _aПолитика. Вж и 341 ; 342
_b32
_x(497.2)(092)(047.53)
_z32(497.2)(092)(047.53)
080 _aВътрешна политика. Вж и 329
_b323
_x(497.2)(047.53)
_z323(497.2)(047.53)
080 _aБиографии
_b929
_x(497.2)
_z929(497.2)
100 1 _aНеков, Момчил Стефанов
_eпърви автор
_9340335
139 _aНеков, Момчил Стефанов
_bН 50
245 1 0 _aОт първо лице
_cМомчил Стефанов Неков.
257 _aBGR
260 София
_bСиела Норма
_c2013
_fВ. Търново : Абагар
300 _a448 с.
_bс ил.
_c24 см
380 _a3
500 _aБиблиогр. с. 444-447.
650 4 _aПартии, политически - България - организационни въпроси
_9340336
650 4 _aПолитици, български - интервюта
_9322394
650 0 _aБългария - вътрешна политика
_9241559
651 4 _aБългария
_9241624
653 _aполитически партии
653 _aбългарски политици
653 _aвътрешна политика
653 _aинтервюта
659 _aН
852 _aЦб 277825
856 4 _qpdf
_u
856 4 _qpdf
_u
942 _cKNG
_n0
_01
944 _aCR
_c03.11.2015
_lCRON CRON
_k
944 _aED
_c20.11.2015
_lф /
_kЛюдмила_Стоянова
999 _c175841
_d175841